| 000 | 00432cam a2200193 4500 | ||
|---|---|---|---|
| 001 | D13964 | ||
| 008 | 090401t1964 xxu||||| |||| 00| 0 eng d | ||
| 035 | _a(Sirsi) u12508 | ||
| 041 | _aeng | ||
| 100 | _aStaley, W.W. | ||
| 245 | _aIntroduction to mine surveying | ||
| 250 | _a2nd | ||
| 260 |
_bStanford University Press _c1964 |
||
| 300 | _a303p | ||
| 350 | _a0 | ||
| 520 | _aShelf 135 | ||
| 942 | _n0 | ||
| 948 | _c04/03/1997 | ||
| 999 |
_c86999 _d86999 |
||